Maximarketing (Registro nro. 2984)
[ vista simple ]
| 000 -LEADER | |
|---|---|
| fixed length control field | 01610 a2200241 4500 |
| 001 - CONTROL NUMBER | |
| control field | 39241 |
| 005 - DATE AND TIME OF LATEST TRANSACTION | |
| control field | 20260407155651.0 |
| 008 - FIXED-LENGTH DATA ELEMENTS--GENERAL INFORMATION | |
| fixed length control field | 260407a1989 arg spa d |
| 003 - CONTROL NUMBER IDENTIFIER | |
| control field | AR-UNSa-BCEJYS |
| 040 ## - CATALOGING SOURCE | |
| Original cataloging agency | AR-UNSa-BCEJYS |
| Language of cataloging | spa |
| Transcribing agency | AR-UNSa-BCEJYS |
| 080 ## - UNIVERSAL DECIMAL CLASSIFICATION NUMBER | |
| Universal Decimal Classification number | 658.8 |
| Common auxiliary subdivision | Organización de mercados. Marketing. Ventas. Distribución |
| 100 1# - MAIN ENTRY--PERSONAL NAME | |
| Personal name | Hass Garcia, Roberto |
| 245 10 - TITLE STATEMENT | |
| Title | Maximarketing |
| 264 #1 - PRODUCTION, PUBLICATION, DISTRIBUTION, MANUFACTURE, AND COPYRIGHT NOTICE | |
| Place of production, publication, distribution, manufacture | Madrid : |
| Name of producer, publisher, distributor, manufacturer | McGraw-Hill |
| Date of production, publication, distribution, manufacture, or copyright notice | 1989 |
| 300 ## - PHYSICAL DESCRIPTION | |
| Extent | 306 p. |
| Dimensions | 23 cm. |
| 505 ## - FORMATTED CONTENTS NOTE | |
| Formatted contents note | 1. Problemas y retos de los mercados de hoy - 2.Esencia de la solución Maxi Marketing - 3. Maximización de la fijación del objetivo: a la caza de nuestros mejores clientes - 4. Maximización de los medios: el nuevo desconcierto de los ricos - 5. Maximización de la fiabilidad: demostración de que si funciona - 6. Maximización de la publicidad de concienciación: Una llamada a todo el cerebro - 7. Maximización de la activación: mejores promociones de ventas y mas publicidad de investigación - 8. Maximización de la sinergia: publicidad de doble propósito - 9. Maximización de los vínculos: motivación de los consumidores interesados - 10. Maximización de las ventas mediante la participación en las mentes y las bases de datos de los clientes - 11. Maximización de la distribución mediante canales múltiples - 12. ¿ Y después que ? |
| 590 ## - LOCAL NOTE (RLIN) | |
| Local note | niveau_biblio:m niveau_hierar:0 |
| 700 1# - ADDED ENTRY--PERSONAL NAME | |
| Personal name | Rapp, Stan |
| 700 1# - ADDED ENTRY--PERSONAL NAME | |
| Personal name | Collins, Thomas L. |
| 700 1# - ADDED ENTRY--PERSONAL NAME | |
| Personal name | Armada Diez de Rivera, Isabel |
| 856 41 - ELECTRONIC LOCATION AND ACCESS | |
| Uniform Resource Identifier | <a href="https://biblioeco.unsa.edu.ar/pmb/images/libros/L58747.jpg">https://biblioeco.unsa.edu.ar/pmb/images/libros/L58747.jpg</a> |
| Link text | Imagen de portada |
| Electronic format type | image/jpeg |
| 942 ## - ADDED ENTRY ELEMENTS (KOHA) | |
| Koha item type | |
| Withdrawn status | Lost status | Damaged status | Not for loan | Home library | Current library | Shelving location | Date acquired | Total checkouts | Full call number | Barcode | Date last seen | Price effective from | Koha item type |
|---|---|---|---|---|---|---|---|---|---|---|---|---|---|
| Biblioteca Prof. Eusebio Cleto del Rey | Biblioteca Prof. Eusebio Cleto del Rey | 07/04/2026 | 658.8 R221 | L58746 | 07/04/2026 | 07/04/2026 | Libro | ||||||
| Biblioteca Prof. Eusebio Cleto del Rey | Biblioteca Prof. Eusebio Cleto del Rey | 07/04/2026 | 658.8 R221 | L58747 | 07/04/2026 | 07/04/2026 | Libro |